00931nam a2200193 i 450000100060000000300090000600500170001500700030003200800410003524501150007625000130019126000630020430000360026750001150030353000350041861000240045385201710047785600890064898878ES-MaACL20250820095204.0t|051028s1768 sp ||||1| spa d00aContinuacion del retrato de los Jesuitas formado al natural por los mas sabios, y mas ilustres catholicos, &c. a2ª imp. aEn Madrid : ben la Oficina de D. Gabriel Ramirez, c1768. a[2], 145-278, [4] p. ; c21 cm. aEs continuación de Retrato de los jesuitas formado al natural por los mas sabios, y mas ilustres catholicos. aDisponible en formato digital.24aJesuitas-xHistoria aES-MaACLjR-3362dOlim: G-2645zCotejado con la relación de obras recuperadas expediente RobozCambio de signatura. Datos tomados del fichero topográfico RpVol.2 uhttp://bdh-rd.bne.es/viewer.vm?id=0000086255&page=1 zBiblioteca Digital Hispánica